000
00323nam a2200133 4500
999
_c
9597
_d
9597
003
OSt
005
20210705115919.0
008
210705b ||||| |||| 00| 0 eng d
020
_a
9783037784679
082
_a
307.12164
_b
MOS
100
_a
Mostafavi, Mohsen; Mostafavi, Mohsen
245
_a
Ecological urbanism
942
_2
ddc